000 00585nam a2200205 i 4500
001 27402
003 ES-MaACL
005 20250813062710.0
007 t|
008 030114s1983 sp ||||1| spa d
100 1 _aAyala, Francisco,
_d1906-2009
_924111
245 1 0 _aRecuerdos y olvidos
_b: ; El exilio /
_cFrancisco Ayala.
260 _a[Madrid] :
_bAlianza,
_c[1983]
300 _a232 p., 11 lám. ;
_c20 cm.
490 1 _aAlianza tres ;
_v111
740 3 _aEl exilio.
830 0 0 _aAlianza tres
_v111
_9177344
852 _aES-MaACL
_jL-8046
_bR.107000
999 _c27402
_d27402